Statistics for 2010s Celebrities by Picture #2

Click here to take the quiz!

General Stats

  • This quiz has been taken 37,588 times
    (23,025 since last reset)
  • The average score is 14 of 20

Answer Stats

Answer% Correct
Taylor Swift
95%
Serena Williams
92%
Selena Gomez
89%
Adele
89%
Nicki Minaj
86%
Mark Zuckerberg
85%
Justin Timberlake
84%
Pitbull
79%
Nicolas Cage
78%
Ryan Reynolds
74%
Mila Kunis
73%
Lionel Messi
65%
Kylie Jenner
64%
Meghan Markle
60%
Justin Trudeau
55%
Melissa McCarthy
46%
Emily Blunt
44%
Tom Hardy
43%
Bryan Cranston
42%
Jeremy Renner
41%

Score Distribution

Percentile by Number Answered

Percent of People with Each Score

Your Score History

You have not taken this quiz since the last reset